000 00816nab a2200253 u 4500
001 15171
003 HDC
007 cr bn ---aaaaa
008 210217c mydr|nes 0 a may d
040 _aHDC
100 _aShahrizan Salian
_eauthor
_98378
245 0 _aMaybank tingkat pembiayaan PKS /
_cby Shahrizan Salian
260 _aMalaysia:
_bBerita Harian,
_c2015
336 _atext
_2rdacontent
337 _acomputer
_2rdamedia
338 _aonline resource
_2rdacarrier
650 _abank industry
_99261
650 _aentrepreneur
_91863
710 _aBerita Harian
856 _zRequest full-text at [email protected]
942 _2lcc
942 _cNEWS
942 _kNSWC 004808
999 _c12487
_d12487